Trestná zodpovednosť účtovníkov, audítorov a daňových poradcov 1

Bibliographic Details
Main Author: Liščák, Ladislav (Author)
Format: Article
Language:Slovak
ISSN:1335-2024
Subjects:

MARC

LEADER 00000nab a2200000 a 4500
001 vtls000663706
003 SK-MaSNL
005 20260302182948.0
008 180206c1998 xo 0 slo
015 |a SNBRB1998/07-19780 
035 |a CLN000015892 
040 |a SNKBUCL  |b slo  |c SNKBUCL  |e AACR2 
041 0 |a slo 
044 |a xo  |c SK 
080 |a 347.53:657-051:657.63-051  |2 UDC-MRF-SK2 
080 |a 657-051  |2 UDC-MRF-SK2 
080 |a 657.63-051  |2 UDC-MRF-SK2 
100 1 |a Liščák, Ladislav  |4 aut  |9 514785 
245 1 0 |a Trestná zodpovednosť účtovníkov, audítorov a daňových poradcov  |n 1  |c Ladislav Liščák 
500 |a Pokračovanie v č. 8 a 10-12/1998, 1, 3-7/1999 
650 0 7 |a účtovníci  |2 SNKPH  |9 28638 
650 0 7 |a audítori  |2 SNKPH  |9 3648 
650 0 7 |a trestná zodpovednosť  |2 SNKPH  |9 4533 
650 0 7 |a daňoví poradcovia  |2 SNKPH  |9 78641 
655 7 |a články z novín a časopisov  |2 SNK  |9 267496 
773 0 |x 1335-2024  |t Účtovníctvo. Audítorstvo. Daňovníctvo  |g Roč. 6, č. 7 (1998), s. 235-239 
850 |a Slovenská národná knižnica v Martine 
852 |a SNK  |b KIS3GCP 
958 |a RBX 
999 |c 1420004  |d 1421934